The Soviet economy : Myth and reality
Đã lưu trong:
| 主要作者: | |
|---|---|
| 格式: | 图书 |
| 语言: | Undetermined |
| 出版: |
Englewood Cliffs
Prentice-Hall
1968
|
| 主题: | |
| 标签: |
添加标签
没有标签, 成为第一个标记此记录!
|
| Thư viện lưu trữ: | Trung tâm Học liệu Trường Đại học Cần Thơ |
|---|
| LEADER | 00523nam a2200193Ia 4500 | ||
|---|---|---|---|
| 001 | CTU_83442 | ||
| 008 | 210402s9999 xx 000 0 und d | ||
| 082 | |a 330.947 | ||
| 082 | |b G618 | ||
| 100 | |a Goldman, Marshall I. | ||
| 245 | 4 | |a The Soviet economy : | |
| 245 | 0 | |b Myth and reality | |
| 245 | 0 | |c Marshall I. Goldman | |
| 260 | |a Englewood Cliffs | ||
| 260 | |b Prentice-Hall | ||
| 260 | |c 1968 | ||
| 650 | |a Economic conditions | ||
| 904 | |i Qhieu(sửa) | ||
| 980 | |a Trung tâm Học liệu Trường Đại học Cần Thơ | ||